[Event "Challenge"]
[Site "http://www.queenalice.com/game.php?id=1378726"]
[Date "2015.8.20"]
[Round "-"]
[White "luizhenriq19"]
[Black "FC"]
[Result "0-1"]
[WhiteElo "2010"]
[BlackElo "1646"]

1. Nf3 d5 2. b3 e6 3. Bb2 Nf6 4. e3 Bd6 5. Be2 Nc6 6. O-O Ng4 7. h3 Nge5 8. d4
Nxf3+ 9. Bxf3 e5 10. Bxd5 Bf5 11. Nd2 exd4 12. exd4 Qh4 13. Nf3 Qf4 14. Qe2+ Be7
15. Rae1 Qd6 0-1

[Event "Challenge"]
[Site "http://www.queenalice.com/game.php?id=1378784"]
[Date "2015.8.20"]
[Round "-"]
[White "FC"]
[Black "luizhenriq19"]
[Result "1-0"]
[WhiteElo "1650"]
[BlackElo "1890"]

1. e4 c5 2. Nc3 d6 3. d3 Nc6 4. Nf3 g6 5. Be2 Bg7 6. Be3 Nf6 7. Nd5 Nxd5 8. exd5
Nb4 9. d4 Nxd5 10. Bb5+ Bd7 11. Bxd7+ Qxd7 12. c4 Nxe3 13. fxe3 O-O 14. dxc5
Bxb2 15. Rb1 1-0

[Event "Challenge"]
[Site "http://www.queenalice.com/game.php?id=1395882"]
[Date "2015.11.24"]
[Round "-"]
[White "FC"]
[Black "Galdino_78"]
[Result "1-0"]
[WhiteElo "1648"]
[BlackElo "1307"]

1. e4 e5 2. Bc4 Nf6 3. d3 d6 4. Bg5 h6 5. Be3 Nc6 6. Nf3 Qd7 7. Nc3 g5 8. Nd5
Nxd5 9. Bxd5 Na5 10. b4 c6 11. Bxc6 Nxc6 12. c3 b5 13. Qb3 a5 14. Qd5 g4 15. Nh4
Bb7 16. Nf5 Nd8 17. Qb3 a4 18. Qc2 Ne6 19. c4 Rc8 20. O-O bxc4 21. dxc4 Ng5 22.
Ng3 Bxe4 23. Nxe4 d5 24. Nf6+ Ke7 25. Nxd7 Kxd7 26. Qxa4+ Ke6 27. cxd5+ Kxd5 28.
Rad1+ Ke6 29. Qa6+ Bd6 30. Rxd6+ Ke7 31. Rfd1 Rcd8 32. Bc5 Ne6 33. Rxd8+ Nxc5
34. Qd6# 1-0

[Event "Challenge"]
[Site "http://www.queenalice.com/game.php?id=1395883"]
[Date "2015.11.24"]
[Round "-"]
[White "Galdino_78"]
[Black "FC"]
[Result "1-0"]
[WhiteElo "1277"]
[BlackElo "1678"]

1. e4 e5 2. d3 Nf6 3. h3 Bd6 4. Nf3 Nc6 5. Nc3 b6 6. a4 Ba6 7. g4 O-O 8. g5 Nh5
9. Nh4 Bb4 10. Qxh5 Nd4 11. Kd1 g6 12. Qh6 Ne6 13. Nd5 Nf4 14. Nf6+ Qxf6 15.
gxf6 Ne6 16. Be2 Nf4 17. Qg7# 1-0

[Event "Challenge"]
[Site "http://www.queenalice.com/game.php?id=1412726"]
[Date "2016.3.8"]
[Round "-"]
[White "Galdino_78"]
[Black "FC"]
[Result "0-1"]
[WhiteElo "1301"]
[BlackElo "1649"]

1. e4 e5 2. Qf3 Nf6 3. Nc3 Bb4 4. a3 Bd6 5. d3 Nc6 6. g4 b6 7. g5 Nd4 8. Qe3 Ng4
9. Qh3 Nxc2+ 10. Kd1 Nxf2+ 11. Kxc2 Nxh3 12. Bxh3 Ba6 13. Nd5 c5 14. Ne2 c4 15.
dxc4 Bxc4 0-1

[Event "Challenge"]
[Site "http://www.queenalice.com/game.php?id=1412727"]
[Date "2016.3.8"]
[Round "-"]
[White "FC"]
[Black "Galdino_78"]
[Result "1-0"]
[WhiteElo "1647"]
[BlackElo "1303"]

1. e4 Nf6 2. Nc3 Nc6 3. Bd3 h5 4. Nf3 e6 5. O-O e5 6. Ng5 Nd4 7. Bc4 Qe7 8. Nb5
Qc5 9. Bxf7+ Kd8 10. Nxd4 Qxd4 11. c3 Qc5 12. d4 Qb5 13. Nf3 Nxe4 14. Nxe5 Rh6
15. Bxh5 1-0

[Event "Challenge"]
[Site "http://www.queenalice.com/game.php?id=1412729"]
[Date "2016.3.8"]
[Round "-"]
[White "eduardocosta"]
[Black "FC"]
[Result "1-0"]
[WhiteElo "1779"]
[BlackElo "1658"]

1. e3 e5 2. Be2 Nf6 3. b3 d5 4. Bb2 Bd6 5. Nf3 Bg4 6. Nxe5 Bxe5 7. Bxe5 Bxe2 8.
Qxe2 Nc6 9. Bb2 O-O 10. d4 Ne4 11. c4 Nb4 12. Ba3 a5 13. Bxb4 axb4 14. Nd2 Nxd2
15. Qxd2 Qd6 16. O-O dxc4 17. bxc4 c5 18. Rfd1 Qb6 19. dxc5 Qxc5 20. Rdc1 Rad8
21. Qc2 b5 22. cxb5 Qxb5 23. Rcb1 Rb8 24. g3 Rfc8 25. Qb3 Rc4 26. Rb2 Qc5 27.
Rab1 Rc1+ 28. Kg2 Rc3 29. Qd1 Qc6+ 30. Kg1 b3 31. axb3 g6 32. b4 Qe4 33. b5 Rd3
34. Qc2 h5 35. b6 g5 36. b7 h4 37. Qc7 Rdd8 38. Qc5 h3 39. Qxg5+ Kf8 40. Qh6+
Ke8 41. Qxh3 Ke7 42. Qg2 Qa4 43. Qf1 Rd7 44. Qc1 Qa3 45. Qc4 Kd8 46. Rb3 Qe7 47.
Ra1 Rc7 48. Rd1+ Ke8 49. Qb5+ Kf8 50. Rdb1 Rcxb7 51. Qc4 Rxb3 52. Rxb3 Ra8 53.
Qc3 f6 54. Rb6 Kf7 55. Rc6 Kg7 56. Rc7 Qxc7 57. Qxc7+ Kg8 58. Qd6 Ra1+ 59. Kg2
Kg7 60. h4 Kg6 61. Qd4 Ra5 62. f4 Ra2+ 63. Kf3 Rh2 64. Qe4+ f5 65. Qe6+ Kg7 66.
Qxf5 Rh1 67. e4 Rf1+ 68. Kg2 Re1 69. e5 Re2+ 70. Kf3 Ra2 71. e6 Ra3+ 72. Kg4 Ra8
73. Qf7+ Kh6 74. e7 Rh8 75. e8=Q Rxe8 76. Qxe8 Kg7 77. h5 Kf6 78. Qg6+ Ke7 79.
h6 Kd7 80. h7 Ke7 81. h8=Q 1-0

[Event "AUTO-INT-3010"]
[Site "http://www.queenalice.com/game.php?id=1416498"]
[Date "2016.4.3"]
[Round "2"]
[White "rockaudrey"]
[Black "FC"]
[Result "0-1"]
[WhiteElo "1947"]
[BlackElo "1676"]

1. e4 e5 2. Nf3 d6 3. d4 Nc6 4. dxe5 dxe5 5. Qxd8+ Nxd8 6. Nxe5 Bd6 7. Nc4 Bc5
8. Nc3 Nf6 9. Bg5 Bd4 10. Bxf6 Bxf6 11. Nd5 Ne6 12. O-O-O Bg5+ 13. Kb1 c6 14.
Nb4 O-O 15. h4 Bf6 16. Be2 a5 17. Nd3 a4 18. e5 Be7 19. Bg4 Nc5 20. Bxc8 Raxc8
21. Nxc5 Bxc5 22. f4 b5 23. Nd2 a3 24. Ne4 Be3 25. g3 b4 26. b3 c5 27. Rhe1 Bd4
28. Nd6 Rc6 29. Re2 Bb2 30. Red2 g6 31. Ne4 c4 32. Rd6 Rcc8 33. Nf6+ Kg7 34. Rd7
h5 35. g4 cxb3 36. cxb3 hxg4 37. Nxg4 Rc3 38. e6 Rf3 39. e7 Re8 40. Re1 Rxf4 41.
Nh2 Bf6 42. Rb7 Rf2 43. Ng4 Rb2+ 44. Kc1 Bxh4 45. Rh1 Bg5+ 46. Kd1 Rd2+ 47. Ke1
Rxa2 48. Rh2 Ra1+ 49. Kf2 Ra2+ 50. Kf3 Rxh2 51. Nxh2 Rxe7 52. Rb8 Re3+ 53. Kg4
Bf6 54. Rxb4 a2 55. Rf4 Be5 56. Nf1 Bxf4 57. Kxf4 Rxb3 58. Nd2 Rc3 59. Ne4 Rc4
60. Ke5 a1=Q+ 61. Kd5 Qd4# 0-1

[Event "AUTO-INT-3010"]
[Site "http://www.queenalice.com/game.php?id=1416499"]
[Date "2016.4.3"]
[Round "2"]
[White "FC"]
[Black "rockaudrey"]
[Result "0-1"]
[WhiteElo "1676"]
[BlackElo "2047"]

1. e4 e6 2. Nf3 d5 3. e5 c5 4. Bb5+ Bd7 5. Bxd7+ Nxd7 6. d3 Ne7 7. c4 Nc6 8.
cxd5 exd5 9. Bg5 Be7 10. Bxe7 Qxe7 11. O-O O-O 12. Nc3 d4 13. Nd5 Qd8 14. Qd2
Ndxe5 15. Ng5 Qxd5 16. Qf4 Ng6 17. Qg4 Nce5 18. Qh5 h6 19. Ne4 Rad8 20. b3 Nxd3
21. Qg4 Nde5 22. Qf5 Nc6 23. Qf3 Nce5 24. Qd3 Nxd3 0-1

[Event "Challenge"]
[Site "http://www.queenalice.com/game.php?id=1427330"]
[Date "2016.6.12"]
[Round "-"]
[White "FC"]
[Black "sigfrido"]
[Result "1-0"]
[WhiteElo "1651"]
[BlackElo "1490"]

1. e4 e5 2. Bc4 f6 3. Nf3 a5 4. Nc3 c6 5. b3 b5 6. Bd3 a4 7. bxa4 bxa4 8. a3 g5
9. Bc4 Na6 10. Nxa4 Qa5 11. Nc3 Nc5 12. O-O Nb7 13. Ne2 g4 14. Nh4 d6 15. d3 d5
16. exd5 cxd5 17. Bb3 Be7 18. c4 Be6 19. cxd5 Bd7 20. Be3 f5 21. g3 Bxh4 22.
gxh4 f4 23. Nxf4 exf4 24. Bxf4 Rb8 25. Bxb8 Nf6 26. Be5 Kf7 27. d6+ Kg6 28. Bg3
Qb6 29. Qd2 h6 30. Bc2 Nxd6 31. d4+ Bf5 32. Rab1 Qd8 33. Rbe1 Be4 34. Qf4 Nfe8
35. Bxe4+ Kh5 36. Qe5+ Qg5 37. Qxh8 Qe7 38. Bxd6 Nxd6 39. Bg2 Qf7 40. Qe5+ Nf5
41. f3 Kxh4 42. Re4 Kg5 43. Rxg4+ Kh5 44. Qf4 Qf6 45. Qb8 Ne3 46. Qe8+ 1-0

[Event "Challenge"]
[Site "http://www.queenalice.com/game.php?id=1444468"]
[Date "2016.10.6"]
[Round "-"]
[White "eduardocosta"]
[Black "FC"]
[Result "0-1"]
[WhiteElo "1731"]
[BlackElo "1708"]

1. e3 e5 2. Be2 d5 3. b3 Nf6 4. Nf3 Bd6 5. Bb2 Be6 6. Bxe5 Bxe5 7. Nxe5 Nbd7 8.
Nxd7 Bxd7 9. O-O O-O 10. d4 Bf5 11. Bf3 c6 12. Nc3 b5 13. Ne2 a5 14. Ng3 Bg4 15.
Bxg4 Nxg4 16. Qxg4 Qf6 17. Nf5 g6 18. Ng3 Rae8 19. Qe2 b4 20. Qd3 Re6 21. Qa6 c5
22. Qxa5 cxd4 23. Qxb4 dxe3 24. fxe3 Qg5 25. c4 Qxe3+ 26. Kh1 dxc4 27. Qxc4 Re5
28. a3 Rc5 29. Qb4 Rg5 30. Qc4 Rc5 31. Qa4 Rfc8 32. b4 Rc1 33. Qa6 Kg7 34. Qb7
Rxf1+ 35. Rxf1 Rc1 36. Qf3 Qd2 37. Kg1 Qd4+ 38. Kh1 Rc7 39. Rd1 Qe5 40. a4 Rc3
41. Qf1 h5 42. a5 Qe7 43. Rb1 Qh4 44. Kg1 Qd4+ 45. Kh1 Qh4 46. Kg1 f5 47. Qe2 f4
48. Ne4 Re3 49. Qb2+ Kf7 50. Nd6+ Ke6 51. Nc4 Re1+ 52. Rxe1+ Qxe1# 0-1

[Event "Challenge"]
[Site "http://www.queenalice.com/game.php?id=1453337"]
[Date "2016.12.4"]
[Round "-"]
[White "FC"]
[Black "sigfrido"]
[Result "1-0"]
[WhiteElo "1661"]
[BlackElo "1458"]

1. e4 e6 2. Nf3 a5 3. Bc4 f6 4. Nc3 c6 5. d4 Bb4 6. Bd2 Bxc3 7. Bxc3 c5 8. d5 e5
9. d6 b6 10. Qd5 Nc6 11. Qf7# 1-0

[Event "Challenge"]
[Site "http://www.queenalice.com/game.php?id=1453546"]
[Date "2016.12.5"]
[Round "-"]
[White "FC"]
[Black "sigfrido"]
[Result "1-0"]
[WhiteElo "1669"]
[BlackElo "1438"]

1. e4 e6 2. Nf3 a5 3. Bc4 a4 4. Nc3 a3 5. bxa3 c6 6. d4 c5 7. d5 d6 8. Be3 e5 9.
Bg5 f6 10. Be3 Bg4 11. Bb5+ Nd7 12. O-O h5 13. h3 Bxf3 14. Qxf3 Ne7 15. a4 Qa5
16. Bd2 Ng6 17. Qf5 Be7 18. Bxd7+ Kf7 19. Be6+ Kf8 20. Qxg6 1-0

[Event "Challenge"]
[Site "http://www.queenalice.com/game.php?id=1453547"]
[Date "2016.12.5"]
[Round "-"]
[White "FC"]
[Black "sigfrido"]
[Result "1-0"]
[WhiteElo "1703"]
[BlackElo "1436"]

1. e4 e6 2. Nf3 a5 3. Bc4 a4 4. Nc3 a3 5. bxa3 c6 6. d4 c5 7. d5 d6 8. Be3 f6 9.
dxe6 Ke7 10. Bf4 Ke8 11. a4 Ne7 12. Bb5+ Nec6 13. e5 fxe5 14. Bg5 Be7 15. Bxe7
Qxe7 16. Qd5 Bxe6 17. Qe4 Qc7 18. Ng5 g6 19. Nxe6 Qe7 20. Qd5 Kd7 21. Nxc5+ Kc7
22. Nxb7 Nd4 23. O-O Nxc2 24. Rac1 Nd4 25. Ne4+ Kb6 26. Nbxd6 Rd8 27. Qxa8 Rf8
28. a5# 1-0

[Event "Challenge"]
[Site "http://www.queenalice.com/game.php?id=1467283"]
[Date "2017.3.3"]
[Round "-"]
[White "eduardocosta"]
[Black "FC"]
[Result "1-0"]
[WhiteElo "1738"]
[BlackElo "1725"]

1. e3 e5 2. Nf3 d6 3. d4 Nc6 4. dxe5 dxe5 5. Bb5 Qxd1+ 6. Kxd1 Bg4 7. h3 Bf5 8.
Bxc6+ bxc6 9. Nxe5 Rd8+ 10. Bd2 Rd6 11. Ke2 Nf6 12. Nc3 Ne4 13. Nxe4 Bxe4 14. f3
Bxc2 15. Rac1 Bf5 16. Nxc6 Bd3+ 17. Ke1 a6 18. Nd4 Rd7 19. Bc3 Bc5 20. g4 O-O
21. a3 Re8 22. Kd2 Bg6 23. f4 Be4 24. Rhe1 Bg2 25. h4 Bxd4 26. exd4 Rde7 27. Rg1
Re2+ 28. Kd3 Bd5 29. Rg3 Bc6 30. Ba5 Bb5+ 31. Kc3 R8e7 32. b3 1-0

[Event "OS INCLIVEIS"]
[Site "http://www.queenalice.com/game.php?id=1471459"]
[Date "2017.4.1"]
[Round "-"]
[White "adelio"]
[Black "FC"]
[Result "1-0"]
[WhiteElo "1385"]
[BlackElo "1710"]

1. d4 d5 2. e4 e6 3. e5 Bb4+ 4. c3 Be7 5. Nf3 Nh6 6. Bxh6 gxh6 7. h4 Nc6 8. Be2
f6 9. exf6 Bxf6 10. Nbd2 e5 11. Nf1 e4 12. Ne5 Nxe5 13. dxe5 Bxe5 14. Ne3 d4 15.
Bh5+ Kf8 16. Nc4 Bf4 17. Ne3 Bxe3 18. fxe3 d3 19. O-O+ Kg8 20. Qb3+ Kg7 21. Qf7#
1-0

[Event "OS INCLIVES"]
[Site "http://www.queenalice.com/game.php?id=1471460"]
[Date "2017.4.1"]
[Round "-"]
[White "FC"]
[Black "adelio"]
[Result "1-0"]
[WhiteElo "1681"]
[BlackElo "1679"]

1. e4 a6 2. d4 c5 3. dxc5 e6 4. Nf3 Nc6 5. Bd3 Bxc5 6. e5 Bxf2+ 7. Kxf2 d6 8.
Bf4 d5 9. Bg5 Nge7 10. Nc3 Qb6+ 11. Be3 d4 12. Nxd4 Nxd4 13. Na4 Qd8 14. c3 Ndf5
15. Bg5 Bd7 16. Nc5 Bc8 17. Bxe7 Qxe7 18. Ne4 O-O 19. Ng3 g6 20. Nxf5 gxf5 21.
Qh5 f6 22. exf6 Rxf6 23. Qg5+ Kh8 24. Rae1 Qf7 25. Re3 b5 26. Rd1 f4 27. Rh3
Qa7+ 28. Kf1 Rf7 29. Qh5 Qc7 30. Bg6 Rg7 31. Qg5 Bb7 32. Qf6 Qc4+ 33. Bd3 Bxg2+
34. Ke1 Qxa2 35. Rh4 Qxb2 36. Rxh7+ Kg8 37. Qxg7# 1-0